[Event "South Moravia Region-chT 2223"]
[Site "Czech Republic"]
[Date "2023.02.12"]
[Round "8.1"]
[White "Kopriva, Oldrich"]
[Black "Setina, Vaclav"]
[Result "0-1"]
[WhiteElo "2056"]
[BlackElo "1896"]
[PlyCount "64"]
[EventDate "2022.10.09"]
[EventType "team-tourn"]
[EventRounds "11"]
[EventCountry "CZE"]
[SourceTitle "EXT 2024"]
[Source "ChessBase"]
[SourceDate "2023.10.10"]
[SourceVersion "1"]
[SourceVersionDate "2023.10.10"]
[SourceQuality "1"]

1. c4 c5 2. Nc3 Nc6 3. g3 g6 4. Bg2 Bg7 5. Nf3 Nf6 6. 0-0 d5 7. cxd5 Nxd5 8. Nxd5 Qxd5 9. d3 0-0 10. Ng5 Qd7 11. Qa4 Nd4 12. Qd1 Rd8 13. Ne4 Qc7 14. Bf4 Qb6 15. Rb1 c4 16. dxc4 Bg4 17. Be3 Nxe2+ 18. Kh1 Rxd1 19. Rfxd1 Nd4 20. c5 Qb4 21. a3 Qb3 22. Nd2 Qd3 23. Nf3 Qxb1 24. Rxb1 Bxf3 25. b4 Bxg2+ 26. Kxg2 Nc2 27. Rb3 Nxe3+ 28. Rxe3 e6 29. Rd3 a5 30. Rd7 Bb2 31. Rxb7 Bxa3 32. c6 Bxb4 0-1

[Event "South Moravia Region-chT 2223"]
[Site "Czech Republic"]
[Date "2022.11.13"]
[Round "3.1"]
[White "Kuchynka, Lukas"]
[Black "Kopriva, Oldrich"]
[Result "1/2-1/2"]
[WhiteElo "2319"]
[BlackElo "2056"]
[PlyCount "36"]
[EventDate "2022.10.09"]
[EventType "team-tourn"]
[EventRounds "11"]
[EventCountry "CZE"]
[SourceTitle "EXT 2024"]
[Source "ChessBase"]
[SourceDate "2023.10.10"]
[SourceVersion "1"]
[SourceVersionDate "2023.10.10"]
[SourceQuality "1"]

1. Nf3 Nf6 2. g3 g6 3. Bg2 Bg7 4. c4 0-0 5. Nc3 c5 6. 0-0 Nc6 7. d3 d6 8. a3 a6 9. Rb1 Rb8 10. b4 cxb4 11. axb4 b5 12. cxb5 axb5 13. Bg5 h6 14. Bd2 Bd7 15. Qb3 Be6 16. Qc2 Qd7 17. Rfc1 Rfc8 18. Qd1 Nd5 1/2-1/2

[Event "CZE-chT2E 1920"]
[Site "Czech Republic"]
[Date "2019.10.13"]
[Round "1.5"]
[White "Kopriva, Oldrich"]
[Black "Kocian, Miroslav"]
[Result "1/2-1/2"]
[WhiteElo "2091"]
[BlackElo "1967"]
[PlyCount "119"]
[EventDate "2019.10.13"]
[EventType "team-tourn"]
[EventRounds "11"]
[EventCountry "CZE"]
[SourceTitle "EXT 2024"]
[Source "ChessBase"]
[SourceDate "2023.10.10"]
[SourceVersion "1"]
[SourceVersionDate "2023.10.10"]
[SourceQuality "1"]
[WhiteTeam "Lipovec Garde"]
[BlackTeam "Zlin"]
[WhiteTeamCountry "CZE"]
[BlackTeamCountry "CZE"]

1. c4 Nf6 2. Nc3 c5 3. g3 Nc6 4. Bg2 g6 5. Nf3 Bg7 6. d4 cxd4 7. Nxd4 0-0 8. 0-0 a6 9. Re1 Qb6 10. Nb3 d6 11. Be3 Qd8 12. c5 Ng4 13. Bf4 e5 14. Bc1 dxc5 15. Qxd8 Rxd8 16. Nxc5 Bf8 17. Nb3 Be6 18. h3 Nf6 19. Bg5 Be7 20. Rad1 Bxb3 21. axb3 Kg7 22. Ne4 h6 23. Bxf6+ Bxf6 24. Nc5 Ra7 25. Nd7 Nd4 26. Nxf6 Kxf6 27. e3 Ne6 28. Rxd8 Nxd8 29. Rd1 Ke7 30. Kf1 Ne6 31. b4 a5 32. Rd5 axb4 33. Rb5 Nd8 34. Rxe5+ Kd6 35. Rb5 Nc6 36. Bxc6 bxc6 37. Rxb4 c5 38. Rb6+ Kd5 39. Ke2 h5 40. h4 c4 41. Kd2 Kc5 42. Rb8 Rd7+ 43. Ke2 Ra7 44. Kf3 Rd7 45. Kf4 Rd5 46. e4 Rd7 47. f3 Kd4 48. Rb5 Rd6 49. e5 Rd7 50. Rb6 Kc5 51. Rf6 Rb7 52. g4 Kb4 53. gxh5 gxh5 54. Rc6 Kb3 55. Ke4 Rb4 56. Kd5 Rb5+ 57. Rc5 Rb8 58. Rc7 Rb5+ 59. Rc5 Rb8 60. Rc6 1/2-1/2

[Event "CZE-chT2E 1819"]
[Site "Czech Republic"]
[Date "2018.12.16"]
[Round "5.8"]
[White "Kopriva, Oldrich"]
[Black "Musil, Vitezslav"]
[Result "0-1"]
[WhiteElo "2079"]
[BlackElo "1935"]
[PlyCount "60"]
[EventDate "2018.10.14"]
[EventType "team-tourn"]
[EventRounds "11"]
[EventCountry "CZE"]
[SourceTitle "EXT 2022"]
[Source "ChessBase"]
[SourceDate "2021.10.06"]
[SourceVersion "1"]
[SourceVersionDate "2021.10.06"]
[SourceQuality "1"]
[WhiteTeam "Lipovec Garde"]
[BlackTeam "Grygov"]
[WhiteTeamCountry "CZE"]
[BlackTeamCountry "CZE"]

1. c4 Nf6 2. Nc3 e5 3. g3 g6 4. Bg2 Bg7 5. Nf3 d6 6. d4 Nbd7 7. 0-0 0-0 8. e4 c6 9. h3 Qc7 10. Be3 Re8 11. Qc2 exd4 12. Nxd4 Nc5 13. b4 Ne6 14. Nde2 a5 15. a3 Nd7 16. Rac1 axb4 17. axb4 g5 18. Qb3 Ne5 19. f4 gxf4 20. gxf4 Nd7 21. Rcd1 Nef8 22. Ng3 Nf6 23. Nce2 Ng6 24. Nd4 Nh4 25. Bh1 Bxh3 26. f5 Bxf1 27. Rxf1 d5 28. Bf4 Ng4 29. Bxc7 Bxd4+ 30. Rf2 Ra1+ 0-1

[Event "CZE-chT2E 1819"]
[Site "Czech Republic"]
[Date "2018.11.04"]
[Round "2.7"]
[White "Kopriva, Oldrich"]
[Black "Rojar, Libor"]
[Result "1-0"]
[WhiteElo "2079"]
[BlackElo "1875"]
[PlyCount "119"]
[EventDate "2018.10.14"]
[EventType "team-tourn"]
[EventRounds "11"]
[EventCountry "CZE"]
[SourceTitle "EXT 2022"]
[Source "ChessBase"]
[SourceDate "2021.10.06"]
[SourceVersion "1"]
[SourceVersionDate "2021.10.06"]
[SourceQuality "1"]
[WhiteTeam "Lipovec Garde"]
[BlackTeam "Kunovice"]
[WhiteTeamCountry "CZE"]
[BlackTeamCountry "CZE"]

1. c4 e6 2. Nf3 d5 3. g3 Nf6 4. Bg2 Be7 5. 0-0 0-0 6. d4 c5 7. cxd5 exd5 8. Nc3 Nc6 9. Bg5 c4 10. Ne5 Be6 11. Nxc6 bxc6 12. b3 cxb3 13. Qxb3 Qb6 14. Qa4 Qb4 15. Rfc1 Qxa4 16. Nxa4 Rfc8 17. Rab1 Rab8 18. Bf4 Rb4 19. Rxb4 Bxb4 20. Nc5 Bxc5 21. Rxc5 Kf8 22. Ra5 Ra8 23. Ra6 Bd7 24. Bd6+ Ke8 25. f3 Kd8 26. Bc5 Kc7 27. Rxa7+ Rxa7 28. Bxa7 Kb7 29. Bc5 Ka6 30. e4 dxe4 31. fxe4 Kb5 32. Bf1+ Ka4 33. Bd3 g6 34. Be7 Ne8 35. Kf2 Nc7 36. Ke3 Be6 37. Bc2+ Kb5 38. a4+ Kc4 39. Bd8 Ne8 40. a5 Bc8 41. Bd3+ Kb4 42. a6 Ng7 43. a7 Bb7 44. Ba6 Ba8 45. Bc8 Ne6 46. Bb6 Kb5 47. Bxe6 fxe6 48. Bc5 e5 49. Bd6 exd4+ 50. Kxd4 Kb6 51. Bc5+ Kc7 52. Ke5 Kd7 53. Kf6 Bb7 54. Kg7 Ke6 55. Kxh7 g5 56. Kh6 Ke5 57. Kxg5 Kxe4 58. h4 Kd5 59. Ba3 c5 60. h5 1-0

[Event "CZE-chT2E 1718"]
[Site "Czech Republic"]
[Date "2018.01.28"]
[Round "7.4"]
[White "Hladik, Josef"]
[Black "Kopriva, Oldrich"]
[Result "1/2-1/2"]
[WhiteElo "2040"]
[BlackElo "2080"]
[PlyCount "40"]
[EventDate "2017.10.15"]
[EventType "team-tourn"]
[EventRounds "11"]
[EventCountry "CZE"]
[SourceTitle "EXT 2022"]
[Source "ChessBase"]
[SourceDate "2021.10.06"]
[SourceVersion "1"]
[SourceVersionDate "2021.10.06"]
[SourceQuality "1"]
[WhiteTeam "Brno VSK Univ"]
[BlackTeam "Lipovec Garde"]
[WhiteTeamCountry "CZE"]
[BlackTeamCountry "CZE"]

1. Nf3 Nf6 2. d4 g6 3. c4 Bg7 4. e3 0-0 5. Be2 d6 6. Nc3 Nbd7 7. 0-0 e5 8. Qc2 c6 9. Rd1 Qc7 10. a4 a5 11. b3 Re8 12. Ba3 Bf8 13. d5 c5 14. Nd2 Bg7 15. h3 Nf8 16. Kh2 Bd7 17. Rg1 Re7 18. g4 Ne8 19. e4 g5 20. Nf1 Ng6 1/2-1/2

[Event "CZE-chT2E 1617"]
[Site "Czech Republic"]
[Date "2017.02.12"]
[Round "8.5"]
[White "Kopriva, Oldrich"]
[Black "Bednarik, Josef"]
[Result "0-1"]
[WhiteElo "2084"]
[BlackElo "2128"]
[PlyCount "92"]
[EventDate "2016.09.10"]
[EventType "team-tourn"]
[EventRounds "11"]
[EventCountry "CZE"]
[SourceTitle "EXT 2022"]
[Source "ChessBase"]
[SourceDate "2021.10.06"]
[SourceVersion "1"]
[SourceVersionDate "2021.10.06"]
[SourceQuality "1"]
[WhiteTeam "Lipovec Garde"]
[BlackTeam "Hostalkova"]
[WhiteTeamCountry "CZE"]
[BlackTeamCountry "CZE"]

1. c4 e6 2. d4 d5 3. Nc3 Nf6 4. Bg5 Be7 5. e3 0-0 6. Nf3 Nbd7 7. cxd5 exd5 8. Bd3 Re8 9. 0-0 Nf8 10. Ne5 c6 11. Qc2 Ng4 12. Bxe7 Qxe7 13. Nf3 g6 14. Ne2 Ne6 15. h3 Nf6 16. Ng3 a6 17. Rfc1 Ng7 18. Qc5 Qd8 19. Qc2 Qe7 20. Qc5 Qd8 21. b4 Be6 22. a4 Rc8 23. Qc2 Re7 24. Qb2 Rec7 25. Ra3 Nge8 26. Rac3 Nd7 27. Nd2 Nd6 28. Qa3 b5 29. a5 Nc4 30. Qa2 Qe7 31. Rb1 Qf6 32. Nb3 Qh4 33. Qe2 Qe7 34. Nc1 f5 35. Qc2 Nf6 36. Bxc4 dxc4 37. Nce2 Nd5 38. Qb2 Nxc3 39. Nxc3 Bd5 40. Re1 f4 41. Nf1 fxe3 42. fxe3 Qf6 43. Nh2 h5 44. Qd2 Qg5 45. Nxd5 cxd5 46. Nf3 c3 0-1

[Event "CZE-chT2E 1617"]
[Site "Czech Republic"]
[Date "2016.12.11"]
[Round "5.5"]
[White "Kopriva, Oldrich"]
[Black "Mizak, Jan"]
[Result "1-0"]
[WhiteElo "2084"]
[BlackElo "1941"]
[PlyCount "85"]
[EventDate "2016.09.10"]
[EventType "team-tourn"]
[EventRounds "11"]
[EventCountry "CZE"]
[SourceTitle "EXT 2022"]
[Source "ChessBase"]
[SourceDate "2021.10.06"]
[SourceVersion "1"]
[SourceVersionDate "2021.10.06"]
[SourceQuality "1"]
[WhiteTeam "Lipovec Garde"]
[BlackTeam "Adamov"]
[WhiteTeamCountry "CZE"]
[BlackTeamCountry "CZE"]

1. c4 c5 2. Nc3 Nc6 3. g3 g6 4. Bg2 Bg7 5. Nf3 Nf6 6. d4 cxd4 7. Nxd4 0-0 8. 0-0 Nxd4 9. Qxd4 d6 10. Qd3 Rb8 11. c5 Re8 12. cxd6 Qxd6 13. Qxd6 exd6 14. Bf4 Bf8 15. Rfd1 Nh5 16. Bxd6 Bxd6 17. Rxd6 Bg4 18. Rd2 a6 19. h3 Be6 20. Nd5 Bxd5 21. Bxd5 Nf6 22. Bf3 Re7 23. Rad1 Rbe8 24. Rd8 Kf8 25. R1d6 Ne4 26. R6d7 Rxd8 27. Rxd8+ Kg7 28. h4 h5 29. Rd4 f5 30. Bxe4 fxe4 31. Rd6 Kf7 32. Kf1 Kg7 33. Ke1 Kh6 34. Kd2 Re5 35. Ke3 Rb5 36. Rd2 Re5 37. Rd4 Rb5 38. b3 Ra5 39. a4 Rc5 40. Kxe4 Rc2 41. Kd3 Rc7 42. Rd6 Rf7 43. f4 1-0

[Event "CZE-chT2E 1516"]
[Site "Czech Republic"]
[Date "2016.04.17"]
[Round "11.4"]
[White "Kopriva, Oldrich"]
[Black "Sykora, Jan"]
[Result "1/2-1/2"]
[WhiteElo "2086"]
[BlackElo "2054"]
[PlyCount "64"]
[EventDate "2015.10.18"]
[EventType "team-tourn"]
[EventRounds "11"]
[EventCountry "CZE"]
[SourceTitle "EXT 2022"]
[Source "ChessBase"]
[SourceDate "2021.10.06"]
[SourceVersion "1"]
[SourceVersionDate "2021.10.06"]
[SourceQuality "1"]
[WhiteTeam "Lipovec Garde"]
[BlackTeam "Prostejov"]
[WhiteTeamCountry "CZE"]
[BlackTeamCountry "CZE"]

1. c4 g6 2. Nc3 Bg7 3. d4 f5 4. Nf3 Nf6 5. g3 d6 6. Bg2 Nbd7 7. 0-0 e5 8. dxe5 dxe5 9. e4 0-0 10. exf5 gxf5 11. Qc2 e4 12. Nd4 Ne5 13. Rd1 Qe7 14. b3 Nd3 15. h3 Ng4 16. hxg4 Bxd4 17. Be3 Bxe3 18. fxe3 Qe5 19. Ne2 fxg4 20. Bxe4 Nf2 21. Bd5+ Kh8 22. Rf1 Bf5 23. Qc3 Qxc3 24. Nxc3 Nh3+ 25. Kh2 Bd3 26. Rxf8+ Rxf8 27. Bxb7 Rf2+ 28. Kh1 Ng5 29. Rd1 Bf1 30. Kg1 Nh3+ 31. Kh1 Ng5 32. Kg1 Nh3+ 1/2-1/2

[Event "CZE-chT2E 1516"]
[Site "Czech Republic"]
[Date "2015.10.18"]
[Round "1.4"]
[White "Hladik, Josef"]
[Black "Kopriva, Oldrich"]
[Result "1/2-1/2"]
[WhiteElo "2118"]
[BlackElo "2086"]
[PlyCount "74"]
[EventDate "2015.10.18"]
[EventType "team-tourn"]
[EventRounds "11"]
[EventCountry "CZE"]
[SourceTitle "EXT 2022"]
[Source "ChessBase"]
[SourceDate "2021.10.06"]
[SourceVersion "1"]
[SourceVersionDate "2021.10.06"]
[SourceQuality "1"]
[WhiteTeam "Jundrov Jezdci"]
[BlackTeam "Lipovec Garde"]
[WhiteTeamCountry "CZE"]
[BlackTeamCountry "CZE"]

1. d4 Nf6 2. c4 g6 3. g3 Bg7 4. Bg2 0-0 5. Nc3 d6 6. Nf3 Nbd7 7. 0-0 e5 8. h3 c6 9. e4 exd4 10. Nxd4 Re8 11. Re1 a5 12. Bf4 Ne5 13. b3 Nfd7 14. Be3 Nc5 15. Re2 Ne6 16. Rd2 Qc7 17. Nde2 Bf8 18. Rc1 f6 19. f4 Nf7 20. Na4 Nc5 21. Nxc5 dxc5 22. Nc3 Be6 23. Qf3 Red8 24. Rcd1 Rxd2 25. Rxd2 Rd8 26. Qf2 Rxd2 27. Qxd2 b6 28. Kh2 Be7 29. Bf3 Qd6 30. Qxd6 Bxd6 31. Kg2 Bd7 32. h4 Kg7 33. g4 h6 34. Na4 Bc7 35. Bd2 g5 36. fxg5 hxg5 37. hxg5 Nxg5 1/2-1/2

[Event "CZE-chT2E 1415"]
[Site "Czech Republic"]
[Date "2015.02.08"]
[Round "7.4"]
[White "Kopriva, Oldrich"]
[Black "Mayer, Josef"]
[Result "1/2-1/2"]
[WhiteElo "2111"]
[BlackElo "2084"]
[PlyCount "56"]
[EventDate "2014.11.02"]
[EventType "team-tourn"]
[EventRounds "11"]
[EventCountry "CZE"]
[SourceTitle "EXT 2022"]
[Source "ChessBase"]
[SourceDate "2021.10.06"]
[SourceVersion "1"]
[SourceVersionDate "2021.10.06"]
[SourceQuality "1"]
[WhiteTeam "Lipovec Garde"]
[BlackTeam "Prusanky Podluzan"]
[WhiteTeamCountry "CZE"]
[BlackTeamCountry "CZE"]

1. c4 Nf6 2. Nc3 g6 3. e4 d6 4. d4 Bg7 5. Be2 0-0 6. Nf3 e5 7. 0-0 Na6 8. Re1 c6 9. Bf1 exd4 10. Nxd4 Re8 11. f3 Nc5 12. Be3 a5 13. b3 Nfd7 14. Qd2 Ne5 15. Rad1 Qc7 16. h3 Ned7 17. Bf2 Ne6 18. Nde2 Nec5 19. Qxd6 Qxd6 20. Rxd6 Bf8 21. Rdd1 Ne5 22. Nc1 Be6 23. f4 Ned7 24. Nd3 Nxd3 25. Rxd3 Bb4 26. Rc1 Nc5 27. Re3 Rad8 28. Be1 Rd4 1/2-1/2

[Event "CZE-chT2E 1314"]
[Site "Czech Republic"]
[Date "2014.03.23"]
[Round "10.4"]
[White "Kopriva, Oldrich"]
[Black "Fusek, Lukas"]
[Result "1-0"]
[WhiteElo "2096"]
[BlackElo "1982"]
[PlyCount "110"]
[EventDate "2013.11.03"]
[EventType "team-tourn"]
[EventRounds "11"]
[EventCountry "CZE"]
[SourceTitle "EXT 2016"]
[Source "ChessBase"]
[SourceDate "2015.10.08"]
[SourceVersion "1"]
[SourceVersionDate "2015.10.08"]
[SourceQuality "1"]
[WhiteTeam "Lipovec Garde"]
[BlackTeam "Stare Mesto II"]
[WhiteTeamCountry "CZE"]
[BlackTeamCountry "CZE"]

1. c4 Nf6 2. Nc3 c5 3. g3 Nc6 4. Bg2 e6 5. Nf3 d5 6. cxd5 exd5 7. d4 Be6 8. 0-0 c4 9. Bg5 Be7 10. Ne5 0-0 11. f4 Rc8 12. f5 Bd7 13. Nxd7 Qxd7 14. e3 Ne8 15. Bf4 Qxf5 16. Nxd5 Qd7 17. Qh5 Nf6 18. Nxf6+ Bxf6 19. Bh3 Qe7 20. Bxc8 Rxc8 21. h4 Nb4 22. Qf5 Rd8 23. Rac1 g6 24. Qc5 Qxc5 25. dxc5 Bxb2 26. Rxc4 Nc6 27. Rc2 Ba3 28. Rb1 Rd7 29. Rb3 Bb4 30. a3 Ba5 31. Kf2 Kg7 32. Ke2 f6 33. Rd3 Re7 34. Bd6 Re6 35. Kf2 Kf7 36. Bf4 Re7 37. Rc4 h6 38. Ra4 g5 39. hxg5 hxg5 40. Bd6 Rd7 41. Ke2 b6 42. cxb6 Bxb6 43. Rc4 Nd8 44. Bc5 Rxd3 45. Kxd3 Bc7 46. g4 a5 47. Bd4 Ne6 48. Ke4 Bd6 49. a4 Bb4 50. Bb6 Bd2 51. Rc6 Ke7 52. Kd5 Ng7 53. Rc7+ Kf8 54. Bd4 Ne8 55. Rd7 Bc1 1-0

[Event "CZE-chT2E 1314"]
[Site "Czech Republic"]
[Date "2014.02.16"]
[Round "8.4"]
[White "Kopriva, Oldrich"]
[Black "Uhmann, Jan"]
[Result "1/2-1/2"]
[WhiteElo "2096"]
[BlackElo "2126"]
[PlyCount "80"]
[EventDate "2013.11.03"]
[EventType "team-tourn"]
[EventRounds "11"]
[EventCountry "CZE"]
[SourceTitle "EXT 2016"]
[Source "ChessBase"]
[SourceDate "2015.10.08"]
[SourceVersion "1"]
[SourceVersionDate "2015.10.08"]
[SourceQuality "1"]
[WhiteTeam "Lipovec Garde"]
[BlackTeam "Hustopece"]
[WhiteTeamCountry "CZE"]
[BlackTeamCountry "CZE"]

1. c4 e6 2. Nc3 d5 3. d4 Nf6 4. Bg5 Nbd7 5. e3 Be7 6. Nf3 0-0 7. Qc2 b6 8. cxd5 exd5 9. Bd3 Bb7 10. 0-0 c5 11. Bf5 h6 12. Bh4 Re8 13. Rad1 a6 14. Ne5 c4 15. f4 Nf8 16. a4 N6d7 17. Bxe7 Qxe7 18. Rf3 f6 19. Nxd7 Nxd7 20. Rg3 Nf8 21. b3 Qb4 22. bxc4 Qxc4 23. Qb2 Re7 24. Rc1 Rae8 25. Nd1 Qxa4 26. Qxb6 Qb5 27. Qxb5 axb5 28. Rc5 Ra8 29. Nc3 b4 30. Nxd5 Bxd5 31. Rxd5 Rb8 32. Rc5 b3 33. Rc1 b2 34. Rb1 Rc7 35. Rf3 g6 36. Be4 f5 37. Bd5+ Kg7 38. Rf2 Rc1+ 39. Rf1 Rc2 40. Rf2 Rc1+ 1/2-1/2

[Event "CZE-chT2E 1314"]
[Site "Czech Republic"]
[Date "2014.02.02"]
[Round "7.4"]
[White "Kunc, Miroslav"]
[Black "Kopriva, Oldrich"]
[Result "0-1"]
[WhiteElo "2053"]
[BlackElo "2096"]
[PlyCount "154"]
[EventDate "2013.11.03"]
[EventType "team-tourn"]
[EventRounds "11"]
[EventCountry "CZE"]
[SourceTitle "EXT 2016"]
[Source "ChessBase"]
[SourceDate "2015.10.08"]
[SourceVersion "1"]
[SourceVersionDate "2015.10.08"]
[SourceQuality "1"]
[WhiteTeam "Napajedla"]
[BlackTeam "Lipovec Garde"]
[WhiteTeamCountry "CZE"]
[BlackTeamCountry "CZE"]

1. d4 Nf6 2. c4 g6 3. Nc3 Bg7 4. e4 d6 5. Be2 0-0 6. Bg5 c5 7. d5 h6 8. Be3 e6 9. Qd2 exd5 10. exd5 Kh7 11. h3 Re8 12. Nf3 a6 13. 0-0 Nbd7 14. Bd3 Nf8 15. Rae1 Bd7 16. Bf4 Rxe1 17. Rxe1 Ne8 18. Ne4 Bf5 19. g4 Bxe4 20. Bxe4 b6 21. Bd3 Ra7 22. Qe3 Nf6 23. b3 Rd7 24. Kg2 Qc7 25. Re2 Qd8 26. Nd2 a5 27. a4 Ra7 28. Nb1 Ra8 29. f3 Ra7 30. Na3 Rb7 31. Nb5 Rd7 32. Re1 Ng8 33. g5 hxg5 34. Bxg5 Bf6 35. Bf4 Bh4 36. Re2 Re7 37. Qd2 Rxe2+ 38. Qxe2 Be7 39. Kh1 Nf6 40. Bg5 Nxd5 41. Bxe7 Nxe7 42. Qe4 Nf5 43. Qd5 Nh6 44. Nxd6 Qf6 45. Ne8 Qe7 46. Nd6 Qe1+ 47. Kh2 Kg7 48. Ne4 Qa1 49. f4 Nf5 50. Qe5+ Qxe5 51. fxe5 Nd4 52. Kg3 Nxb3 53. Nf6 Nd4 54. Ne8+ Kg8 55. Nf6+ Kh8 56. h4 Nde6 57. Kg4 Kg7 58. Ne4 Kh6 59. Nd6 Nd7 60. Be2 Nxe5+ 61. Kg3 f5 62. Kf2 Nd4 63. Bf1 g5 64. hxg5+ Kxg5 65. Nc8 Nd7 66. Ne7 Kf6 67. Nd5+ Ke5 68. Bd3 Ne6 69. Ke3 f4+ 70. Kf3 Nd4+ 71. Kg4 f3 72. Kg3 Nc6 73. Kxf3 Nb4 74. Nxb4 cxb4 75. Ke3 Nc5 76. Bf1 Nxa4 77. Kd3 Nc5+ 0-1

[Event "CZE-chT2E 1314"]
[Site "Czech Republic"]
[Date "2013.11.03"]
[Round "1.3"]
[White "Brazdil, Roman"]
[Black "Kopriva, Oldrich"]
[Result "1-0"]
[WhiteElo "2095"]
[BlackElo "2096"]
[PlyCount "67"]
[EventDate "2013.11.03"]
[EventType "team-tourn"]
[EventRounds "11"]
[EventCountry "CZE"]
[SourceTitle "EXT 2016"]
[Source "ChessBase"]
[SourceDate "2015.10.08"]
[SourceVersion "1"]
[SourceVersionDate "2015.10.08"]
[SourceQuality "1"]
[WhiteTeam "Postoupky"]
[BlackTeam "Lipovec Garde"]
[WhiteTeamCountry "CZE"]
[BlackTeamCountry "CZE"]

1. e4 c5 2. Nf3 Nc6 3. d4 cxd4 4. Nxd4 g6 5. c4 Bg7 6. Be3 Nf6 7. Nc3 Ng4 8. Qxg4 Nxd4 9. Qd1 Ne6 10. Be2 Bxc3+ 11. bxc3 Qa5 12. Qc2 d6 13. 0-0 Bd7 14. f4 0-0-0 15. Bf3 Bc6 16. Rab1 b6 17. Rb2 Nc5 18. e5 Ba4 19. Qb1 dxe5 20. Bxc5 Qxc5+ 21. Kh1 exf4 22. Qe4 Qc7 23. c5 b5 24. c4 f5 25. Qe6+ Kb8 26. Qa6 e5 27. Rxb5+ Bxb5 28. Qxb5+ Kc8 29. Bd5 Rde8 30. Qa6+ Kd7 31. Rb1 Rb8 32. Qe6+ Kd8 33. Qf6+ Kd7 34. c6+ 1-0

[Event "MOR-chT2S 0203"]
[Site "Moravia"]
[Date "2003.01.12"]
[Round "6"]
[White "Kopriva, Oldrich"]
[Black "Karpilovsky, Oleg"]
[Result "1-0"]
[WhiteElo "2219"]
[BlackElo "2221"]
[PlyCount "71"]
[EventDate "2002.10.??"]
[EventType "team"]
[EventRounds "11"]
[EventCountry "CZE"]
[SourceTitle "EXT 2006"]
[Source "ChessBase"]
[SourceDate "2005.11.24"]
[SourceVersion "1"]
[SourceVersionDate "2005.11.24"]
[SourceQuality "1"]

1. c4 Nf6 2. Nc3 g6 3. e4 d6 4. d4 Bg7 5. Be2 0-0 6. Nf3 e5 7. 0-0 Nc6 8. d5 Ne7 9. Ne1 Nd7 10. Be3 f5 11. f3 f4 12. Bf2 g5 13. Rc1 Ng6 14. c5 Nxc5 15. b4 Na6 16. Nd3 Rf7 17. Nb5 Bd7 18. a4 Bxb5 19. axb5 Nb8 20. Qc2 Bf8 21. Qc3 Bg7 22. Rc2 Bf6 23. Ra1 g4 24. fxg4 Bh4 25. Bxh4 Nxh4 26. Ne1 Qg5 27. b6 f3 28. Nxf3 Nxf3+ 29. Bxf3 cxb6 30. Qc8+ Kg7 31. Rc7 Qe3+ 32. Kh1 Qf4 33. Rxf7+ Qxf7 34. Rc1 Qf4 35. Rc7+ Kh6 36. Qe6+ 1-0

[Event "CZE-chT2d 0304"]
[Site "Czech Republic"]
[Date "2003.??.??"]
[Round "?"]
[White "Vyskocil, Neklan"]
[Black "Kopriva, Oldrich"]
[Result "1-0"]
[WhiteElo "2345"]
[BlackElo "2170"]
[PlyCount "75"]
[EventDate "2003.??.??"]
[EventType "team"]
[EventRounds "11"]
[EventCountry "CZE"]
[SourceTitle "EXT 2007"]
[Source "ChessBase"]
[SourceDate "2006.11.23"]
[SourceVersion "1"]
[SourceVersionDate "2006.11.23"]
[SourceQuality "1"]

1. e4 c5 2. Nf3 Nc6 3. Nc3 g6 4. d4 cxd4 5. Nxd4 Bg7 6. Be3 Nf6 7. Bc4 0-0 8. Bb3 a5 9. f3 d5 10. exd5 Nb4 11. Ndb5 a4 12. Nxa4 Nfxd5 13. Bd2 Bd7 14. Nbc3 Nxc3 15. Nxc3 Qb6 16. a3 Nc6 17. Nd5 Qd4 18. Bc3 Qh4+ 19. g3 Qh3 20. Bxg7 Kxg7 21. Qd2 Rad8 22. 0-0-0 Kg8 23. Qg5 Rfe8 24. Rhe1 h6 25. Qf4 g5 26. Qc7 Rc8 27. Qb6 Bf5 28. Ne3 Bg6 29. Ng4 Kg7 30. Qe3 e5 31. Kb1 Re7 32. Rd2 f6 33. Qc5 Rec7 34. Qd6 Nd4 35. Qxf6+ Kh7 36. Nxe5 Nxb3 37. Qxg6+ Kh8 38. cxb3 1-0